000 00539nam a22002297a 4500
003 UA-OsUOA
001 41436
007 ta
008 20080725b un ||||| |||| 00| 0 ukr d
100 _aКовалів П. (проф.)
090 _a244
_bК56
942 _cBR
040 _aUA-OsUOA
_bukr
_cUA-OsUOA
_dUA-OsUOA
245 _aВіра й наука
300 _a32 с.
955 _a4
041 _aukr
080 _a244
260 _aВінніпег
_c1962
650 7 _a2 Релігія. Теологія.
_2UDC
999 _c439936
_d439936